[Event "DVM U14 2016"]
[Site "Düsseldorf GER"]
[Date "2016.12.30"]
[Round "7"]
[White "Engel, Luis"]
[Black "Dietz, Florian"]
[Result "1-0"]
[Termination "normal"]
[Board "1.1"]
[WhiteElo "2371"]
[BlackElo "1922"]
[WhiteClock "01:06:24"]
[BlackClock "00:59:39"]
[WhiteTeam "Hamburger SK"]
[BlackTeam "Reideburger SV 90 Halle"]
[PlyCount "99"]
[WhiteFideId "12961523"]
[BlackFideId "12939897"]
[EventCountry "GER"]
[EventRounds "7"]
[EventType "team-swiss"]
[EventDate "2016.12.26"]

1. c4 {[%clk 1:30:58]} e5 {[%clk 1:30:28]} 2. g3 {[%clk 1:31:21]} Nf6 {[%clk
1:30:44]} 3. Bg2 {[%clk 1:31:43]} d5 {[%clk 1:30:02]} 4. cxd5 {[%clk 1:32:05]}
Nxd5 {[%clk 1:30:23]} 5. Nf3 {[%clk 1:32:28]} Nc6 {[%clk 1:30:40]} 6. O-O
{[%clk 1:32:33]} Be7 {[%clk 1:29:48]} 7. d4 {[%clk 1:32:54]} exd4 {[%clk
1:24:28]} 8. Nxd4 {[%clk 1:33:14]} Nxd4 {[%clk 1:24:38]} 9. Qxd4 {[%clk
1:33:35]} Nf6 {[%clk 1:24:51]} 10. Qa4+ {[%clk 1:33:56]} c6 {[%clk 1:24:15]}
11. Rd1 {[%clk 1:34:18]} Qb6 {[%clk 1:23:41]} 12. Be3 {[%clk 1:34:17]} Qb5
{[%clk 1:23:35]} 13. Qxb5 {[%clk 1:31:42]} cxb5 {[%clk 1:23:56]} 14. a4 {[%clk
1:25:21]} bxa4 {[%clk 1:21:12]} 15. Nc3 {[%clk 1:23:12]} O-O {[%clk 1:19:52]}
16. Nxa4 {[%clk 1:20:45]} Be6 {[%clk 1:16:55]} 17. Nc5 {[%clk 1:09:19]} Bc4
{[%clk 1:14:15]} 18. Bf3 {[%clk 1:06:34]} Bxc5 {[%clk 1:10:04]} 19. Bxc5 {[%clk
1:06:56]} Rfe8 {[%clk 1:10:28]} 20. e3 {[%clk 1:05:33]} a6 {[%clk 1:07:42]} 21.
Bxb7 {[%clk 1:04:53]} Rab8 {[%clk 1:07:56]} 22. Bxa6 {[%clk 1:05:11]} Bxa6
{[%clk 1:08:13]} 23. Rxa6 {[%clk 1:05:34]} Rxb2 {[%clk 1:08:30]} 24. Bd4 {[%clk
1:05:46]} Rd8 {[%clk 1:07:14]} 25. Rc1 {[%clk 1:05:17]} Re2 {[%clk 1:06:55]}
26. Bxf6 {[%clk 1:05:34]} gxf6 {[%clk 1:07:17]} 27. Rxf6 {[%clk 1:05:56]} Kg7
{[%clk 1:07:22]} 28. Rf4 {[%clk 1:06:05]} Rd7 {[%clk 1:07:06]} 29. Rc6 {[%clk
1:05:15]} Ra2 {[%clk 1:05:28]} 30. Rg4+ {[%clk 1:05:25]} Kf8 {[%clk 1:05:47]}
31. Rc8+ {[%clk 1:05:31]} Ke7 {[%clk 1:06:06]} 32. Rh8 {[%clk 1:05:45]} Kf6
{[%clk 1:03:43]} 33. Rxh7 {[%clk 1:06:04]} Kf5 {[%clk 1:03:55]} 34. Rf4+ {[%clk
1:05:28]} Kg6 {[%clk 1:04:15]} 35. Rh8 {[%clk 1:05:32]} Kg7 {[%clk 1:03:35]}
36. Rh5 {[%clk 1:05:49]} Kg6 {[%clk 1:03:40]} 37. Rhf5 {[%clk 1:06:10]} Rb2
{[%clk 1:03:17]} 38. Rf6+ {[%clk 1:06:26]} Kg7 {[%clk 1:03:41]} 39. h4 {[%clk
1:06:45]} Rb5 {[%clk 1:03:10]} 40. R4f5 {[%clk 1:06:44]} Rb8 {[%clk 1:02:28]}
41. h5 {[%clk 1:07:05]} Rh8 {[%clk 1:02:37]} 42. g4 {[%clk 1:07:15]} Rc7 {[%clk
1:02:01]} 43. Kg2 {[%clk 1:07:28]} Rb7 {[%clk 1:01:05]} 44. Kg3 {[%clk
1:07:49]} Rh7 {[%clk 1:00:39]} 45. Kh4 {[%clk 1:07:51]} Kg8 {[%clk 1:00:30]}
46. e4 {[%clk 1:07:08]} Rb1 {[%clk 1:00:24]} 47. e5 {[%clk 1:07:09]} Re1 {[%clk
1:00:23]} 48. h6 {[%clk 1:06:43]} Re2 {[%clk 0:59:44]} 49. Kg5 {[%clk 1:06:31]}
Re4 {[%clk 0:59:39]} 50. Ra6 {[%clk 1:06:24]} 1-0

[Event "DVM U14 2016"]
[Site "Düsseldorf GER"]
[Date "2016.12.30"]
[Round "7"]
[White "Post, Hugo"]
[Black "Holinka, Henning"]
[Result "0-1"]
[Termination "normal"]
[Board "1.2"]
[WhiteElo "1862"]
[BlackElo "2034"]
[WhiteClock "00:00:47"]
[BlackClock "00:28:37"]
[WhiteTeam "Reideburger SV 90 Halle"]
[BlackTeam "Hamburger SK"]
[PlyCount "70"]
[WhiteFideId "12962490"]
[BlackFideId "12967084"]
[EventCountry "GER"]
[EventRounds "7"]
[EventType "team-swiss"]
[EventDate "2016.12.26"]

1. e4 {[%clk 1:30:54]} g6 {[%clk 1:30:52]} 2. d4 {[%clk 1:31:00]} Bg7 {[%clk
1:31:14]} 3. Nc3 {[%clk 1:30:46]} a6 {[%clk 1:31:32]} 4. Be3 {[%clk 1:30:55]}
d6 {[%clk 1:31:36]} 5. Qd2 {[%clk 1:30:22]} Nd7 {[%clk 1:31:14]} 6. f3 {[%clk
1:28:44]} b5 {[%clk 1:30:53]} 7. h4 {[%clk 1:27:48]} h5 {[%clk 1:28:49]} 8. a4
{[%clk 1:22:57]} b4 {[%clk 1:28:43]} 9. Nd1 {[%clk 1:23:12]} a5 {[%clk
1:25:40]} 10. Nh3 {[%clk 1:14:39]} Bb7 {[%clk 1:22:32]} 11. Ng5 {[%clk
1:12:53]} Ngf6 {[%clk 1:19:15]} 12. Be2 {[%clk 1:09:00]} e6 {[%clk 1:17:11]}
13. O-O {[%clk 1:04:23]} O-O {[%clk 1:16:13]} 14. Nf2 {[%clk 0:55:09]} Nb6
{[%clk 1:13:49]} 15. Rfe1 {[%clk 0:44:01]} Rc8 {[%clk 1:12:16]} 16. c3 {[%clk
0:30:50]} c5 {[%clk 1:05:09]} 17. Rec1 {[%clk 0:28:25]} Nfd7 {[%clk 1:02:05]}
18. Nfh3 {[%clk 0:26:11]} Qe7 {[%clk 0:59:56]} 19. Nf2 {[%clk 0:18:04]} Rfd8
{[%clk 0:57:26]} 20. g4 {[%clk 0:15:13]} hxg4 {[%clk 0:54:58]} 21. fxg4 {[%clk
0:13:52]} d5 {[%clk 0:52:51]} 22. e5 {[%clk 0:13:20]} cxd4 {[%clk 0:52:13]} 23.
cxd4 {[%clk 0:13:23]} Nc4 {[%clk 0:52:02]} 24. Bxc4 {[%clk 0:13:27]} dxc4
{[%clk 0:52:01]} 25. h5 {[%clk 0:11:37]} Nxe5 {[%clk 0:51:00]} 26. Qc2 {[%clk
0:09:52]} Nf3+ {[%clk 0:47:06]} 27. Nxf3 {[%clk 0:09:47]} Bxf3 {[%clk 0:47:31]}
28. hxg6 {[%clk 0:09:25]} Qh4 {[%clk 0:44:38]} 29. gxf7+ {[%clk 0:06:58]} Kf8
{[%clk 0:43:48]} 30. Bf4 {[%clk 0:02:27]} Rxd4 {[%clk 0:42:26]} 31. Bh2 {[%clk
0:00:44]} Rcd8 {[%clk 0:28:28]} 32. Qg6 {[%clk 0:00:33]} Rd2 {[%clk 0:28:20]}
33. Rf1 {[%clk 0:00:38]} Re2 {[%clk 0:28:38]} 34. Rac1 {[%clk 0:00:43]} Rdd2
{[%clk 0:28:23]} 35. Rxc4 {[%clk 0:00:47]} Qxf2+ {[%clk 0:28:37]} 0-1

[Event "DVM U14 2016"]
[Site "Düsseldorf GER"]
[Date "2016.12.30"]
[Round "7"]
[White "Engel, Robert"]
[Black "Henning, Marvin"]
[Result "1/2-1/2"]
[Termination "normal"]
[Board "1.3"]
[WhiteElo "1812"]
[BlackElo "1935"]
[WhiteClock "00:24:43"]
[BlackClock "01:04:41"]
[WhiteTeam "Hamburger SK"]
[BlackTeam "Reideburger SV 90 Halle"]
[PlyCount "123"]
[WhiteFideId "12974684"]
[BlackFideId "12957399"]
[EventCountry "GER"]
[EventRounds "7"]
[EventType "team-swiss"]
[EventDate "2016.12.26"]

1. d4 {[%clk 1:30:27]} g6 {[%clk 1:30:47]} 2. c4 {[%clk 1:30:27]} Bg7 {[%clk
1:31:31]} 3. Nc3 {[%clk 1:31:03]} d6 {[%clk 1:31:53]} 4. e4 {[%clk 1:30:41]}
Nd7 {[%clk 1:31:50]} 5. Be3 {[%clk 1:30:36]} Ngf6 {[%clk 1:32:06]} 6. Be2
{[%clk 1:29:27]} c6 {[%clk 1:29:38]} 7. Qd2 {[%clk 1:29:54]} h5 {[%clk
1:29:38]} 8. Bf3 {[%clk 1:28:08]} Qa5 {[%clk 1:28:04]} 9. Nge2 {[%clk 1:26:28]}
a6 {[%clk 1:27:16]} 10. O-O {[%clk 1:24:03]} O-O {[%clk 1:27:20]} 11. Bh6
{[%clk 1:22:35]} c5 {[%clk 1:26:35]} 12. Nd5 {[%clk 1:19:39]} Qd8 {[%clk
1:26:46]} 13. Bxg7 {[%clk 1:17:31]} Kxg7 {[%clk 1:27:14]} 14. Qg5 {[%clk
1:15:33]} Nxd5 {[%clk 1:23:55]} 15. cxd5 {[%clk 1:13:40]} e5 {[%clk 1:23:59]}
16. Qxd8 {[%clk 1:13:16]} Rxd8 {[%clk 1:24:27]} 17. dxc5 {[%clk 1:12:43]} Nxc5
{[%clk 1:24:56]} 18. b4 {[%clk 1:11:44]} Na4 {[%clk 1:21:51]} 19. Rac1 {[%clk
1:09:40]} Bd7 {[%clk 1:21:55]} 20. Rc7 {[%clk 1:08:14]} b6 {[%clk 1:20:05]} 21.
Rfc1 {[%clk 1:07:21]} Bb5 {[%clk 1:17:40]} 22. g3 {[%clk 0:59:41]} a5 {[%clk
1:12:20]} 23. a3 {[%clk 0:57:49]} Kf6 {[%clk 1:05:20]} 24. bxa5 {[%clk
0:50:52]} Rxa5 {[%clk 1:05:21]} 25. Nc3 {[%clk 0:50:55]} Nxc3 {[%clk 1:02:06]}
26. R1xc3 {[%clk 0:50:48]} Rd7 {[%clk 1:01:09]} 27. Rxd7 {[%clk 0:48:56]} Bxd7
{[%clk 1:01:37]} 28. Rb3 {[%clk 0:44:32]} Rb5 {[%clk 0:58:41]} 29. Rxb5 {[%clk
0:43:39]} Bxb5 {[%clk 0:59:10]} 30. Bd1 {[%clk 0:42:19]} Ke7 {[%clk 0:58:30]}
31. Kg2 {[%clk 0:34:59]} Kd7 {[%clk 0:57:50]} 32. Kf3 {[%clk 0:34:48]} Kc7
{[%clk 0:57:51]} 33. Ke3 {[%clk 0:32:06]} Kb7 {[%clk 0:57:28]} 34. f4 {[%clk
0:27:16]} Bd7 {[%clk 0:52:45]} 35. Be2 {[%clk 0:24:34]} b5 {[%clk 0:52:33]} 36.
h3 {[%clk 0:20:59]} Kb6 {[%clk 0:52:09]} 37. h4 Kc5 {[%clk 0:49:54]} 38. Kd3
{[%clk 0:15:49]} exf4 {[%clk 0:47:49]} 39. gxf4 {[%clk 0:09:25]} f5 40. Bf3
fxe4+ {[%clk 0:48:15]} 41. Bxe4 {[%clk 0:09:54]} Bf5 {[%clk 0:48:31]} 42. Ke3
{[%clk 0:10:23]} Kc4 {[%clk 0:48:40]} 43. Bf3 {[%clk 0:10:16]} Kb3 {[%clk
0:46:21]} 44. Be2 {[%clk 0:08:36]} Bd7 {[%clk 0:45:52]} 45. Bd3 {[%clk
0:08:48]} Be8 {[%clk 0:45:33]} 46. Ke4 {[%clk 0:08:31]} Kxa3 {[%clk 0:45:51]}
47. f5 {[%clk 0:08:52]} Kb4 {[%clk 0:43:22]} 48. f6 {[%clk 0:07:53]} Kc5 {[%clk
0:42:33]} 49. Kf4 {[%clk 0:07:13]} b4 {[%clk 0:40:36]} 50. Kg5 {[%clk 0:05:30]}
b3 {[%clk 0:40:51]} 51. Kh6 {[%clk 0:04:27]} Bf7 {[%clk 0:38:49]} 52. Kg7
{[%clk 0:03:58]} Bxd5 {[%clk 0:38:58]} 53. f7 {[%clk 0:03:33]} Bxf7 {[%clk
0:39:02]} 54. Kxf7 {[%clk 0:04:01]} Kd4 {[%clk 0:38:33]} 55. Bb1 {[%clk
0:01:52]} d5 {[%clk 0:33:29]} 56. Kxg6 {[%clk 0:26:10]} Kc3 {[%clk 1:03:42]}
57. Kf5 {[%clk 0:26:03]} d4 {[%clk 1:03:40]} 58. Ke4 {[%clk 0:26:11]} Kc4
{[%clk 1:03:51]} 59. Bd3+ {[%clk 0:25:22]} Kc3 {[%clk 1:04:16]} 60. Bb1 {[%clk
0:25:40]} Kc4 {[%clk 1:04:41]} 61. Bd3+ {[%clk 0:24:43]} Kd5+ 62. Kxd5 1/2-1/2

[Event "DVM U14 2016"]
[Site "Düsseldorf GER"]
[Date "2016.12.30"]
[Round "7"]
[White "Seidel, Arne-Christian"]
[Black "Foo, Tzun Hong"]
[Result "1/2-1/2"]
[Termination "normal"]
[Board "1.4"]
[WhiteElo "1487"]
[BlackElo "1788"]
[WhiteClock "00:21:40"]
[BlackClock "00:11:42"]
[WhiteTeam "Reideburger SV 90 Halle"]
[BlackTeam "Hamburger SK"]
[PlyCount "127"]
[WhiteFideId "16235142"]
[BlackFideId "12974200"]
[EventCountry "GER"]
[EventRounds "7"]
[EventType "team-swiss"]
[EventDate "2016.12.26"]

1. e4 {[%clk 1:30:55]} c5 {[%clk 1:30:53]} 2. Nf3 {[%clk 1:31:15]} d6 {[%clk
1:31:10]} 3. d4 {[%clk 1:31:22]} cxd4 {[%clk 1:31:33]} 4. Nxd4 {[%clk 1:31:50]}
Nf6 {[%clk 1:31:56]} 5. Nc3 {[%clk 1:32:09]} a6 {[%clk 1:32:18]} 6. Bg5 {[%clk
1:31:16]} e6 {[%clk 1:32:10]} 7. f4 {[%clk 1:30:43]} Be7 {[%clk 1:30:26]} 8.
Qf3 {[%clk 1:30:04]} h6 {[%clk 1:27:33]} 9. Bxf6 {[%clk 1:28:32]} Bxf6 {[%clk
1:27:51]} 10. O-O-O {[%clk 1:28:03]} Nd7 {[%clk 1:21:57]} 11. g4 {[%clk
1:24:44]} Nc5 {[%clk 1:16:24]} 12. h4 {[%clk 0:52:50]} Qb6 {[%clk 1:08:27]} 13.
Nde2 {[%clk 0:52:55]} Bd7 {[%clk 0:57:30]} 14. g5 {[%clk 0:51:24]} Be7 {[%clk
0:54:46]} 15. g6 {[%clk 0:42:09]} O-O-O {[%clk 0:45:01]} 16. f5 {[%clk
0:38:38]} Rhf8 {[%clk 0:43:35]} 17. Qg3 {[%clk 0:35:11]} Bc6 {[%clk 0:36:12]}
18. Bg2 {[%clk 0:34:34]} exf5 {[%clk 0:28:11]} 19. exf5 {[%clk 0:34:00]} Bxg2
{[%clk 0:27:25]} 20. Qxg2 {[%clk 0:34:29]} Bf6 {[%clk 0:27:05]} 21. Qd5 {[%clk
0:27:19]} fxg6 {[%clk 0:23:24]} 22. fxg6 {[%clk 0:27:48]} Rfe8 {[%clk 0:23:30]}
23. Qc4 {[%clk 0:19:38]} Kb8 {[%clk 0:21:46]} 24. b4 {[%clk 0:08:01]} Ne4
{[%clk 0:18:27]} 25. Nd5 {[%clk 0:07:22]} Qc6 {[%clk 0:12:10]} 26. Qxc6 {[%clk
0:07:44]} bxc6 {[%clk 0:12:38]} 27. Nxf6 {[%clk 0:08:04]} Nxf6 {[%clk 0:13:05]}
28. Nd4 {[%clk 0:08:08]} Kc7 {[%clk 0:12:03]} 29. Nf5 {[%clk 0:08:01]} Rd7
{[%clk 0:12:00]} 30. Rhe1 {[%clk 0:07:52]} Ne4 {[%clk 0:10:07]} 31. Rd4 {[%clk
0:07:19]} d5 {[%clk 0:09:42]} 32. c4 {[%clk 0:06:40]} Re5 {[%clk 0:08:59]} 33.
Ne3 {[%clk 0:03:47]} Ng3 {[%clk 0:06:38]} 34. Kd1 {[%clk 0:03:11]} Rxe3 {[%clk
0:01:58]} 35. Rxe3 {[%clk 0:03:01]} Nf5 {[%clk 0:02:27]} 36. Red3 {[%clk
0:03:12]} Nxd4 {[%clk 0:02:49]} 37. Rxd4 {[%clk 0:03:39]} dxc4 {[%clk 0:02:23]}
38. Rd2 {[%clk 0:03:30]} Rd5 {[%clk 0:01:53]} 39. Kc2 {[%clk 0:03:40]} Rxd2+
{[%clk 0:01:38]} 40. Kxd2 {[%clk 0:04:09]} Kd6 {[%clk 0:01:42]} 41. Kc3 {[%clk
0:04:18]} Kd5 {[%clk 0:01:49]} 42. h5 {[%clk 0:04:33]} c5 {[%clk 0:01:15]} 43.
a3 {[%clk 0:03:57]} cxb4+ {[%clk 0:01:22]} 44. axb4 {[%clk 0:04:26]} Kc6 {[%clk
0:01:03]} 45. Kxc4 {[%clk 0:04:48]} Kd6 {[%clk 0:24:41]} 46. Kd4 {[%clk
0:35:40]} Kc6 {[%clk 0:19:11]} 47. Ke5 {[%clk 0:36:00]} Kb5 {[%clk 0:19:37]}
48. Ke6 {[%clk 0:36:14]} Kxb4 {[%clk 0:20:02]} 49. Kf7 {[%clk 0:36:40]} a5
{[%clk 0:20:17]} 50. Kxg7 {[%clk 0:37:04]} a4 {[%clk 0:20:35]} 51. Kxh6 {[%clk
0:37:30]} a3 {[%clk 0:20:50]} 52. g7 {[%clk 0:37:58]} a2 {[%clk 0:21:04]} 53.
g8=Q a1=Q 54. Qb8+ {[%clk 0:38:06]} Kc5 {[%clk 0:20:39]} 55. Kh7 {[%clk
0:38:15]} Qf6 {[%clk 0:19:08]} 56. Qc8+ {[%clk 0:38:03]} Kd5 {[%clk 0:18:43]}
57. Qd7+ {[%clk 0:38:20]} Kc4 {[%clk 0:18:42]} 58. h6 {[%clk 0:38:29]} Qg5
{[%clk 0:17:57]} 59. Qg7 {[%clk 0:36:07]} Qf5+ {[%clk 0:16:58]} 60. Kh8 {[%clk
0:36:31]} Kb5 {[%clk 0:14:39]} 61. Qb7+ {[%clk 0:34:16]} Kc5 {[%clk 0:13:29]}
62. Qe7+ {[%clk 0:30:15]} Kb5 {[%clk 0:12:39]} 63. h7 {[%clk 0:28:56]} Qg6
{[%clk 0:11:42]} 64. Qf8 {[%clk 0:21:40]} 1/2-1/2

[Event "DVM U14 2016"]
[Site "Düsseldorf GER"]
[Date "2016.12.30"]
[Round "7"]
[White "Suvorov, Alexander"]
[Black "Wong, Gengchun"]
[Result "1/2-1/2"]
[Termination "normal"]
[Board "2.1"]
[WhiteElo "2149"]
[BlackElo "2076"]
[WhiteClock "00:02:03"]
[BlackClock "00:02:11"]
[WhiteTeam "SG Porz"]
[BlackTeam "SV Dresden-Leuben"]
[PlyCount "86"]
[WhiteFideId "12977063"]
[BlackFideId "12963283"]
[EventCountry "GER"]
[EventRounds "7"]
[EventType "team-swiss"]
[EventDate "2016.12.26"]

1. d4 {[%clk 1:30:58]} Nf6 {[%clk 1:30:55]} 2. c4 {[%clk 1:31:23]} g6 {[%clk
1:31:21]} 3. Nc3 {[%clk 1:31:45]} Bg7 {[%clk 1:31:47]} 4. Bf4 {[%clk 1:31:23]}
O-O {[%clk 1:31:52]} 5. e3 {[%clk 1:31:30]} d5 {[%clk 1:32:12]} 6. cxd5 {[%clk
1:31:16]} Nxd5 {[%clk 1:32:35]} 7. Nxd5 {[%clk 1:31:15]} Qxd5 {[%clk 1:32:59]}
8. Bxc7 {[%clk 1:31:33]} Nc6 {[%clk 1:33:11]} 9. Ne2 {[%clk 1:30:52]} Bf5
{[%clk 1:16:09]} 10. Nc3 {[%clk 1:28:23]} Qd7 {[%clk 1:15:57]} 11. Bg3 {[%clk
1:28:01]} Nb4 {[%clk 1:03:12]} 12. Rc1 {[%clk 1:26:33]} Qe6 {[%clk 0:33:40]}
13. d5 {[%clk 1:07:17]} Bxc3+ {[%clk 0:29:22]} 14. bxc3 {[%clk 1:06:52]} Nxd5
{[%clk 0:29:36]} 15. Bc4 {[%clk 1:01:22]} Rad8 {[%clk 0:27:42]} 16. Qb3 {[%clk
0:58:35]} Qc6 {[%clk 0:24:28]} 17. O-O {[%clk 0:51:47]} a6 {[%clk 0:18:21]} 18.
Rfd1 {[%clk 0:50:15]} Be6 {[%clk 0:16:03]} 19. Rd4 {[%clk 0:08:38]} b5 {[%clk
0:14:21]} 20. Bxd5 {[%clk 0:08:34]} Bxd5 {[%clk 0:14:25]} 21. Qd1 {[%clk
0:08:55]} Qa8 {[%clk 0:11:29]} 22. Bh4 {[%clk 0:05:31]} f6 {[%clk 0:10:00]} 23.
Qg4 {[%clk 0:02:29]} Bxa2 {[%clk 0:07:59]} 24. Ra1 {[%clk 0:02:24]} Bf7 {[%clk
0:07:05]} 25. Bg3 {[%clk 0:02:35]} Qc6 {[%clk 0:06:17]} 26. Qd1 {[%clk
0:02:15]} Qc8 {[%clk 0:05:59]} 27. h4 {[%clk 0:02:03]} e5 {[%clk 0:05:54]} 28.
Rd6 {[%clk 0:02:13]} Kg7 {[%clk 0:05:11]} 29. Kh2 {[%clk 0:01:48]} Rxd6 {[%clk
0:03:22]} 30. Qxd6 {[%clk 0:02:16]} Rd8 {[%clk 0:03:48]} 31. Qb6 {[%clk
0:02:03]} Re8 {[%clk 0:03:18]} 32. Qa5 {[%clk 0:01:17]} Rd8 {[%clk 0:02:24]}
33. Qb4 {[%clk 0:00:49]} Rd3 {[%clk 0:02:06]} 34. Rc1 {[%clk 0:00:47]} Qc4
{[%clk 0:02:04]} 35. Qa5 {[%clk 0:01:04]} b4 {[%clk 0:02:01]} 36. Qxb4 {[%clk
0:01:22]} Qxb4 {[%clk 0:02:28]} 37. cxb4 {[%clk 0:01:44]} Rb3 {[%clk 0:02:53]}
38. Rc6 {[%clk 0:02:00]} Rxb4 {[%clk 0:02:51]} 39. Rxa6 {[%clk 0:02:23]} h6
{[%clk 0:02:33]} 40. Rd6 {[%clk 0:01:46]} g5 {[%clk 0:02:18]} 41. hxg5 {[%clk
0:02:11]} hxg5 {[%clk 0:02:43]} 42. Rd2 {[%clk 0:02:04]} Rb5 {[%clk 0:02:04]}
43. f3 {[%clk 0:02:03]} Rb3 {[%clk 0:02:11]} 1/2-1/2

[Event "DVM U14 2016"]
[Site "Düsseldorf GER"]
[Date "2016.12.30"]
[Round "7"]
[White "Bui, Hai Lam"]
[Black "Suvorov, Luca"]
[Result "0-1"]
[Termination "normal"]
[Board "2.2"]
[WhiteElo "1922"]
[BlackElo "2039"]
[WhiteClock "00:01:15"]
[BlackClock "00:02:31"]
[WhiteTeam "SV Dresden-Leuben"]
[BlackTeam "SG Porz"]
[PlyCount "72"]
[WhiteFideId "12975737"]
[BlackFideId "12977071"]
[EventCountry "GER"]
[EventRounds "7"]
[EventType "team-swiss"]
[EventDate "2016.12.26"]

1. e4 {[%clk 1:31:00]} c6 {[%clk 1:30:56]} 2. d4 {[%clk 1:31:25]} g6 {[%clk
1:31:20]} 3. Nc3 {[%clk 1:31:51]} Bg7 {[%clk 1:31:46]} 4. Nf3 {[%clk 1:32:01]}
d5 {[%clk 1:32:05]} 5. h3 {[%clk 1:32:27]} dxe4 {[%clk 1:27:53]} 6. Nxe4 {[%clk
1:32:52]} Nd7 {[%clk 1:28:07]} 7. Qe2 {[%clk 1:11:10]} Ndf6 {[%clk 1:25:36]} 8.
Neg5 {[%clk 1:06:35]} Nh6 {[%clk 1:04:56]} 9. g4 {[%clk 1:07:01]} Nd5 {[%clk
0:53:08]} 10. Bd2 {[%clk 0:56:18]} f6 {[%clk 0:38:37]} 11. Ne4 {[%clk 0:48:49]}
f5 {[%clk 0:32:05]} 12. Neg5 {[%clk 0:46:37]} Qb6 {[%clk 0:25:40]} 13. O-O-O
{[%clk 0:27:52]} Ng8 {[%clk 0:07:07]} 14. Ne6 {[%clk 0:11:55]} Bxe6 {[%clk
0:07:14]} 15. Qxe6 {[%clk 0:12:23]} Nc7 {[%clk 0:07:00]} 16. Qe1 {[%clk
0:06:30]} a5 {[%clk 0:06:44]} 17. Bg2 {[%clk 0:05:46]} fxg4 {[%clk 0:06:36]}
18. hxg4 {[%clk 0:06:01]} Nf6 {[%clk 0:06:37]} 19. Ne5 {[%clk 0:04:31]} Qxd4
{[%clk 0:05:27]} 20. Bc3 {[%clk 0:04:37]} Qf4+ {[%clk 0:05:37]} 21. Kb1 {[%clk
0:04:10]} Nfd5 {[%clk 0:05:33]} 22. Bd4 {[%clk 0:03:44]} O-O {[%clk 0:03:52]}
23. c4 {[%clk 0:04:02]} Nb4 {[%clk 0:02:57]} 24. a3 {[%clk 0:03:58]} Nba6
{[%clk 0:02:36]} 25. Qc3 {[%clk 0:04:04]} c5 {[%clk 0:02:24]} 26. Qh3 {[%clk
0:04:06]} Qh6 {[%clk 0:00:47]} 27. Qxh6 {[%clk 0:00:34]} Bxh6 {[%clk 0:01:11]}
28. Rxh6 {[%clk 0:01:03]} cxd4 {[%clk 0:01:01]} 29. Rdh1 {[%clk 0:01:10]} Rxf2
{[%clk 0:00:59]} 30. Bf1 {[%clk 0:00:32]} Raf8 {[%clk 0:00:48]} 31. Bd3 {[%clk
0:00:53]} Nc5 {[%clk 0:00:52]} 32. Bxg6 {[%clk 0:00:46]} Rf1+ {[%clk 0:01:09]}
33. Ka2 {[%clk 0:01:00]} Rxh1 {[%clk 0:01:26]} 34. Bxh7+ {[%clk 0:01:07]} Kg7
{[%clk 0:01:51]} 35. Rxh1 {[%clk 0:01:34]} Rh8 {[%clk 0:02:12]} 36. Be4 {[%clk
0:01:15]} Nxe4 {[%clk 0:02:31]} 0-1

[Event "DVM U14 2016"]
[Site "Düsseldorf GER"]
[Date "2016.12.30"]
[Round "7"]
[White "Zyla, Lennert"]
[Black "Bui, Ngoc Han Julia"]
[Result "1-0"]
[Termination "normal"]
[Board "2.3"]
[WhiteElo "1813"]
[BlackElo "1773"]
[WhiteClock "00:09:20"]
[BlackClock "00:06:51"]
[WhiteTeam "SG Porz"]
[BlackTeam "SV Dresden-Leuben"]
[PlyCount "75"]
[WhiteFideId "12981567"]
[BlackFideId "12977055"]
[EventCountry "GER"]
[EventRounds "7"]
[EventType "team-swiss"]
[EventDate "2016.12.26"]

1. e4 {[%clk 1:30:58]} e6 {[%clk 1:30:44]} 2. d4 {[%clk 1:31:21]} d5 {[%clk
1:31:11]} 3. Nd2 {[%clk 1:31:44]} Nf6 {[%clk 1:31:22]} 4. e5 {[%clk 1:31:59]}
Nfd7 {[%clk 1:31:48]} 5. f4 {[%clk 1:32:20]} c5 {[%clk 1:32:13]} 6. c3 {[%clk
1:32:40]} Nc6 {[%clk 1:32:39]} 7. Ndf3 {[%clk 1:32:56]} Qb6 {[%clk 1:32:37]} 8.
g3 {[%clk 1:32:57]} Be7 {[%clk 1:30:15]} 9. Bh3 {[%clk 1:32:00]} h5 {[%clk
1:25:57]} 10. Ne2 {[%clk 1:30:53]} Ndb8 {[%clk 1:16:39]} 11. O-O {[%clk
1:22:53]} Bd7 {[%clk 1:16:49]} 12. Kg2 {[%clk 1:14:53]} Na6 {[%clk 1:17:05]}
13. Ng5 {[%clk 1:14:49]} g6 {[%clk 1:15:52]} 14. b3 {[%clk 1:07:37]} Rc8 {[%clk
1:13:47]} 15. Be3 {[%clk 1:06:43]} cxd4 {[%clk 1:13:48]} 16. Nxd4 {[%clk
1:06:47]} Nxd4 {[%clk 1:12:52]} 17. Bxd4 {[%clk 1:06:02]} Qc7 {[%clk 1:12:02]}
18. Rc1 {[%clk 1:01:41]} Qb8 {[%clk 1:09:56]} 19. Qd3 {[%clk 0:59:43]} Nc5
{[%clk 1:02:56]} 20. Qe3 {[%clk 0:54:19]} b6 {[%clk 0:59:05]} 21. Rfd1 {[%clk
0:50:51]} Rc7 {[%clk 0:50:49]} 22. Kg1 {[%clk 0:41:41]} Qd8 {[%clk 0:44:49]}
23. Bg2 {[%clk 0:39:32]} Qc8 {[%clk 0:42:14]} 24. h4 {[%clk 0:33:56]} Nb7
{[%clk 0:31:02]} 25. Bxd5 {[%clk 0:24:39]} exd5 {[%clk 0:31:23]} 26. e6 {[%clk
0:25:00]} f6 {[%clk 0:22:56]} 27. exd7+ {[%clk 0:20:05]} Rxd7 {[%clk 0:18:23]}
28. Bxf6 {[%clk 0:18:50]} Rf8 {[%clk 0:17:58]} 29. Bxe7 {[%clk 0:17:55]} Rxe7
{[%clk 0:18:18]} 30. Qf3 {[%clk 0:18:02]} Qc5+ {[%clk 0:17:53]} 31. Kh2 {[%clk
0:12:48]} Rf5 {[%clk 0:12:23]} 32. Rd4 {[%clk 0:10:07]} Nd6 {[%clk 0:10:56]}
33. Rcd1 {[%clk 0:09:55]} Nb5 {[%clk 0:08:42]} 34. Rxd5 {[%clk 0:10:07]} Rxd5
{[%clk 0:08:25]} 35. Rxd5 {[%clk 0:10:10]} Qxc3 {[%clk 0:08:28]} 36. Rxb5
{[%clk 0:09:10]} Qd2+ {[%clk 0:08:28]} 37. Qg2 {[%clk 0:09:24]} Qe1 {[%clk
0:06:51]} 38. Re5 {[%clk 0:09:20]} 1-0